First Indian Cities in History to Reach 100,000 People - Statistics

General Stats
  • This quiz has been taken 508 times
  • The average score is 17 of 44
Answer Stats
Year Subdivision City % Correct
1300 Delhi Delhi
93%
1776 Maharashtra Mumbai
93%
1746 West Bengal Kolkata
91%
1790 Tamil Nadu Chennai
87%
1831 Karnataka Bangalore
85%
1500 Gujarat Ahmedabad
83%
1724 Telangana Hyderabad
80%
1772 Maharashtra Pune
77%
1560 Uttar Pradesh Agra
74%
1850 Rajasthan Jaipur
74%
1765 Uttar Pradesh Lucknow
74%
350 BC Bihar Patna
68%
1625 Gujarat Surat
68%
1725 Uttar Pradesh Varanasi
61%
1820 Maharashtra Nagpur
58%
1845 Uttar Pradesh Kanpur
54%
1848 Punjab Amritsar
50%
1735 Rajasthan Jodhpur
48%
1640 Jammu and Kashmir Srinagar
46%
1898 Tamil Nadu Madurai
42%
1850 Gujarat Vadodara
38%
1864 Uttar Pradesh Prayagraj
37%
1350 Karnataka Vijayanagara
28%
1684 Maharashtra Aurangabad
27%
1882 Uttar Pradesh Meerut
24%
1250 Odisha Cuttack
22%
1800 Madhya Pradesh Ujjain
17%
1850 Uttar Pradesh Bareilly
16%
1899 Tamil Nadu Tiruchirappalli
16%
1898 West Bengal Howrah
13%
1010 Tamil Nadu Thanjavur
13%
1566 Karnataka Bijapur
10%
1300 West Bengal Gauḍa
10%
1440 Uttar Pradesh Jaunpur
10%
620 AD Uttar Pradesh Kannauj
10%
1704 West Bengal Murshidabad
6%
1085 Maharashtra Kalyan
5%
1000 Gujarat Patan
5%
900 AD Karnataka Malkheda
3%
1770 Rajasthan Bharatpur
2%
1615 Madhya Pradesh Burhanpur
2%
1639 Jharkhand Rajmahal
2%
1774 Karnataka Srirangapatna
2%
1753 West Bengal Chandannagar
1%
No matching quizzes found
Score Distribution
Percent of People with Each Score
Percentile by Number Answered
Your Score History
You have not taken this quiz